Statistics for Largest Earthquakes By Year

Click here to take the quiz!

General Stats

  • This quiz has been taken 350 times
  • The average score is 20 of 21

Answer Stats

EventMagnitudeAnswer% Correct
2018 Fiji earthquake8.2Fiji
100%
2001 southern Peru earthquake8.4Peru
100%
2019 Peru Earthquake8Peru
100%
2016 Ecuador earthquake7.8Ecuador
99%
2015 Illapel earthquake8.3Chile
98%
2014 Iquique earthquake8.2Chile
98%
2010 Chile earthquake8.8Chile
98%
2011 Tōhoku earthquake and tsunami9.1Japan
98%
2003 Hokkaidō earthquake8.3Japan
98%
2004 Indian Ocean earthquake and tsunami9.2Indonesia
97%
2000 Enggano earthquake7.9Indonesia
97%
2012 Indian Ocean earthquakes8.6Indonesia
97%
September 2007 Sumatra earthquake8.4Indonesia
97%
2005 Nias–Simeulue earthquake8.6Indonesia
97%
2008 Sichuan earthquake7.9China
96%
2009 Samoa earthquake and tsunami8.1Samoa
96%
2006 Kuril Islands earthquake8.3Russia
93%
2013 Okhotsk Sea earthquake8.3Russia
93%
2017 Chiapas earthquake8.2Mexico
91%
2002 Denali earthquake7.9USA
90%
1999 Jiji earthquake7.7Taiwan
58%

Score Distribution

Percentile by Number Answered

Percent of People with Each Score

Your Score History

You have not taken this quiz